000
00465nam a2200169Ia 4500
008
151018s9999 xx 000 0 und d
082
_b
RBASDV57347
_a
891.463
100
_a
संजय ढोले
245
_a
अश्वजीव
260
_b
क्ष
_c
2010
300
_a
212
600
_a
संजय ढोले
630
_a
अश्वजीव
700
_a
संजय ढोले
730
_a
अश्वजीव
942
_c
BOOK
999
_c
1052730
_d
1052727